Countries ending in LAND - Statistics

General Stats
  • This quiz has been taken 20 times
  • The average score is 7 of 10
Answer Stats
Answer % Correct
Ireland
85%
Finland
75%
Iceland
75%
the Netherlands
75%
Poland
70%
New Zealand
60%
Scotland
60%
England
55%
Switzerland
55%
Thailand
45%
No matching quizzes found
Score Distribution
Percent of People with Each Score
Percentile by Number Answered
Your Score History
You have not taken this quiz